000 00435nmm a2200157Ia 4500
008 251105s9999||||xx |||||||||||||||||und||
041 _aspa
100 _aAlemañ, Rafael, et al.
245 0 _aEl universo en el III milenio
264 _a[Madrid, España] :
_bEquipo Sirius,
_c2000
300 _a270 páginas
490 _aMillenium
650 _aSciences
856 _uhttps://public.digitaliapublishing.com/a/12753
942 _cCF
999 _c99971
_d99971